[Event "Sundsvall op"]
[Site "Sundsvall"]
[Date "1999.??.??"]
[Round "4"]
[White "Malmdin, Joakim"]
[Black "Lundblad, Staffan"]
[Result "0-1"]
[WhiteElo "1935"]
[BlackElo "2225"]
[PlyCount "100"]
[EventDate "1999.01.??"]
[EventType "swiss"]
[EventRounds "7"]
[EventCountry "SWE"]
[SourceTitle "EXT 2000"]
[Source "ChessBase"]
[SourceDate "1999.11.16"]
[SourceVersion "1"]
[SourceVersionDate "1999.11.16"]
[SourceQuality "1"]

1. e4 c5 2. Nf3 Nc6 3. d4 cxd4 4. Nxd4 e5 5. Nb5 d6 6. c4 Be7 7. b3 a6 8. N5a3 Be6 9. Nc2 Rc8 10. Bb2 Nf6 11. Bd3 0-0 12. 0-0 Nd7 13. Nc3 Nc5 14. Re1 Bg5 15. Kh1 g6 16. Ne2 f5 17. f3 Rf7 18. Nc3 Qf8 19. exf5 gxf5 20. b4 Nd7 21. Qe2 Ne7 22. Rad1 Ng6 23. g3 Re8 24. Qg2 Nb6 25. h4 Bf6 26. Ne3 Bg7 27. h5 Ne7 28. Bf1 Nc6 29. Ncd5 Bxd5 30. Nxd5 Nxd5 31. cxd5 Ne7 32. b5 axb5 33. Bxb5 Ra8 34. a4 Qd8 35. g4 fxg4 36. fxg4 Bh6 37. Rf1 Bf4 38. Rf2 Qb6 39. Rdf1 Raf8 40. Qe4 Qd8 41. Kg2 Nf5 42. Rh1 Ng3 43. Qb1 Nxh1 44. Qxh1 Be3 45. Rxf7 Rxf7 46. Kh3 Bf2 47. Kg2 Qg5 48. Be2 Qe3 49. Qc1 Qg3+ 50. Kh1 Qh3# 0-1